[Event "EU-ch Seniors 65 21st"]
[Site "Lublin"]
[Date "2022.07.06"]
[Round "2"]
[White "Hewson, Brian Wr"]
[Black "Neumann, Joachim"]
[Result "1/2-1/2"]
[WhiteElo "2049"]
[BlackElo "2082"]
[PlyCount "47"]
[EventDate "2022.07.05"]
[EventType "swiss"]
[EventRounds "9"]
[EventCountry "POL"]
[SourceTitle "CBM 209 Extra"]
[Source "ChessBase"]
[SourceDate "2022.09.30"]
[SourceVersion "1"]
[SourceVersionDate "2022.09.30"]
[SourceQuality "1"]

1. d4 Nf6 2. Nf3 e6 3. c4 b6 4. g3 Bb7 5. Bg2 Be7 6. 0-0 0-0 7. b3 d6 8. Bb2 Qc8 9. Nbd2 Ne4 10. e3 Nd7 11. Rc1 Bf6 12. Qc2 Nxd2 13. Nxd2 Bxg2 14. Kxg2 e5 15. Rcd1 exd4 16. exd4 Qb7+ 17. f3 g6 18. Rfe1 Rae8 19. Re4 Bg7 20. Rde1 Nf6 21. Rxe8 Rxe8 22. Rxe8+ Nxe8 23. d5 Bxb2 24. Qxb2 1/2-1/2

[Event "GER-ch Seniors 65 31st"]
[Site "Radebeul"]
[Date "2019.04.26"]
[Round "1"]
[White "Richter, Andreas3"]
[Black "Neumann, Joachim"]
[Result "0-1"]
[WhiteElo "1814"]
[BlackElo "2116"]
[PlyCount "32"]
[EventDate "2019.04.26"]
[EventType "swiss"]
[EventRounds "9"]
[EventCountry "GER"]
[SourceTitle "CBM 190 Extra"]
[Source "ChessBase"]
[SourceDate "2019.07.15"]
[SourceVersion "1"]
[SourceVersionDate "2019.07.15"]
[SourceQuality "1"]

1. d4 Nf6 2. c4 e6 3. Nc3 Bb4 4. e3 0-0 5. Bd3 d5 6. a3 Bxc3+ 7. bxc3 dxc4 8. Bxc4 c5 9. Nf3 Qc7 10. Bd3 cxd4 11. cxd4 Qc3+ 12. Qd2 Qxa1 13. 0-0 b6 14. Bc4 Qb1 15. Bd3 Qb3 16. Ne5 Ba6 0-1

[Event "EU-ch Seniors 65 19th"]
[Site "Rhodes"]
[Date "2019.04.13"]
[Round "8"]
[White "Neumann, Joachim"]
[Black "Hewson, Brian Wr"]
[Result "1-0"]
[WhiteElo "2116"]
[BlackElo "2004"]
[PlyCount "167"]
[EventDate "2019.04.06"]
[EventType "swiss"]
[EventRounds "9"]
[EventCountry "GRE"]
[SourceTitle "CBM 189 Extra"]
[Source "ChessBase"]
[SourceDate "2019.05.31"]
[SourceVersion "1"]
[SourceVersionDate "2019.05.31"]
[SourceQuality "1"]

1. c4 c6 2. g3 d5 3. Nf3 Nf6 4. Bg2 Bf5 5. cxd5 cxd5 6. Qb3 Qc8 7. Nc3 e6 8. d3 Be7 9. Bf4 0-0 10. Nb5 Nc6 11. Nd6 Bxd6 12. Bxd6 Rd8 13. Bf4 h6 14. Rc1 Qd7 15. 0-0 Rac8 16. Ne5 Nxe5 17. Bxe5 Rxc1 18. Rxc1 Rc8 19. Rxc8+ Qxc8 20. Qc3 Qxc3 21. bxc3 Nd7 22. Bd6 b6 23. Kf1 f6 24. Ke1 Kf7 25. Kd2 Ke8 26. Ke3 Bh7 27. Kd4 Bg8 28. f4 g5 29. a3 gxf4 30. gxf4 Bf7 31. e4 dxe4 32. Bxe4 h5 33. h4 Kd8 34. Bf3 Ke8 35. c4 Bg6 36. Bc6 Kd8 37. Be4 Bf7 38. Bc6 Bg6 39. Be4 Bf7 40. Bb7 Bg6 41. Ba6 e5+ 42. fxe5 fxe5+ 43. Bxe5 Nc5 44. Bb5 Nxd3 45. Bd6 Ne1 46. Bc6 Nc2+ 47. Kc3 Ne3 48. Bf4 Nf5 49. Bd5 Kd7 50. Bg5 Kd6 51. Bf6 b5 52. Bg8 Kc5 53. cxb5 Kxb5 54. Kb3 Kc6 55. Kb4 Nd6 56. Bb3 Ne4 57. Bd4 Kb7 58. Bd5+ Kb8 59. Be5+ Kc8 60. Ka5 Nd2 61. Ka6 Bc2 62. Kxa7 Nb1 63. Bd6 Kd7 64. Bb4 Kc7 65. Bf3 Bg6 66. a4 Be8 67. Be4 Bxa4 68. Bxb1 Bd1 69. Bd2 Be2 70. Bf4+ Kd7 71. Kb6 Ke6 72. Kc5 Bf3 73. Kd4 Bg4 74. Be4 Kf6 75. Bg5+ Ke6 76. Bb7 Bd1 77. Bc8+ Kf7 78. Ke5 Be2 79. Bf5 Bc4 80. Bd8 Bb3 81. Kf4 Bd1 82. Kg5 Ke8 83. Bf6 Kf7 84. Bd4 1-0

[Event "GER-chT Laender Seniors 65+"]
[Site "Templin"]
[Date "2018.09.13"]
[Round "4.3"]
[White "Gehrmann, Rudolf Rainer"]
[Black "Neumann, Joachim"]
[Result "1/2-1/2"]
[WhiteElo "2076"]
[BlackElo "2115"]
[PlyCount "53"]
[EventDate "2018.09.10"]
[EventType "team-swiss"]
[EventRounds "7"]
[EventCountry "GER"]
[SourceTitle "EXT 2020"]
[Source "ChessBase"]
[SourceDate "2019.10.17"]
[SourceVersion "1"]
[SourceVersionDate "2019.10.17"]
[SourceQuality "1"]
[WhiteTeam "Schleswig Holstein II"]
[BlackTeam "Schleswig Holstein"]
[WhiteTeamCountry "GER"]
[BlackTeamCountry "GER"]

1. c4 e5 2. Nc3 Nf6 3. g3 Nc6 4. Bg2 Bc5 5. Nf3 d6 6. 0-0 0-0 7. a3 a6 8. b4 Ba7 9. Bb2 h6 10. Nd5 Nxd5 11. cxd5 Ne7 12. d4 e4 13. Ne1 Nxd5 14. Bxe4 Nf6 15. Bg2 d5 16. Nd3 Re8 17. Re1 c6 18. Nc5 Qb6 19. Bc3 Bf5 20. Qd2 Qc7 21. f3 Rad8 22. Rad1 Bg6 23. Qb2 Re7 24. Bd2 Rde8 25. Bf4 Qc8 26. Bd6 Re3 27. Bf4 1/2-1/2

[Event "GER-chT Laender Seniors 65+"]
[Site "Templin"]
[Date "2018.09.12"]
[Round "3.3"]
[White "Hamm, Georg"]
[Black "Neumann, Joachim"]
[Result "1/2-1/2"]
[WhiteElo "2108"]
[BlackElo "2115"]
[PlyCount "29"]
[EventDate "2018.09.10"]
[EventType "team-swiss"]
[EventRounds "7"]
[EventCountry "GER"]
[SourceTitle "EXT 2020"]
[Source "ChessBase"]
[SourceDate "2019.10.17"]
[SourceVersion "1"]
[SourceVersionDate "2019.10.17"]
[SourceQuality "1"]
[WhiteTeam "Sachsen Anhalt"]
[BlackTeam "Schleswig Holstein"]
[WhiteTeamCountry "GER"]
[BlackTeamCountry "GER"]

1. d4 Nf6 2. Nf3 e6 3. e3 b6 4. Nbd2 Bb7 5. Bd3 d5 6. 0-0 Nbd7 7. Ne5 Nxe5 8. dxe5 Nd7 9. f4 f5 10. exf6 Nxf6 11. b3 Bc5 12. Nf3 0-0 13. Nd4 Qe7 14. Bb2 g6 15. Rb1 1/2-1/2

[Event "EU-ch Seniors 65 18th"]
[Site "Drammen"]
[Date "2018.08.11"]
[Round "8"]
[White "Neumann, Joachim"]
[Black "Anguera Maestro, Jaime"]
[Result "1-0"]
[WhiteElo "2124"]
[BlackElo "2042"]
[PlyCount "107"]
[EventDate "2018.08.04"]
[EventType "swiss"]
[EventRounds "9"]
[EventCountry "NOR"]
[SourceTitle "CBM 186 Extra"]
[Source "ChessBase"]
[SourceDate "2018.08.24"]
[SourceVersion "1"]
[SourceVersionDate "2018.08.24"]
[SourceQuality "1"]

1. c4 c5 2. g3 g6 3. Bg2 Bg7 4. Nf3 Nc6 5. Nc3 d6 6. 0-0 e5 7. d3 Nge7 8. a3 0-0 9. Rb1 a5 10. Bd2 h6 11. Ne1 Be6 12. Nd5 Bxd5 13. cxd5 Nb8 14. b4 axb4 15. axb4 b6 16. Nc2 Nd7 17. Ne3 Kh7 18. Qb3 f5 19. Nc4 Nc8 20. f4 Qc7 21. b5 Qa7 22. Bc3 Re8 23. Ra1 Qb7 24. Rxa8 Qxa8 25. e4 Qb8 26. exf5 gxf5 27. fxe5 dxe5 28. Rxf5 Nd6 29. Rf1 Rf8 30. Rxf8 Qxf8 31. Nxd6 Qxd6 32. Be4+ Kg8 33. Qa2 Bf6 34. Qa8+ Kf7 35. Qb7 Be7 36. Bf5 Nf6 37. Be6+ Kg6 38. Qc6 Qxc6 39. dxc6 Bd6 40. Kf2 Ne8 41. Kf3 Kf6 42. Bc4 Bc7 43. Bd2 Kg6 44. g4 Nd6 45. h4 Bd8 46. Be1 Bc7 47. h5+ Kg7 48. Bh4 e4+ 49. Ke3 exd3 50. Kxd3 Nf7 51. Bxf7 Kxf7 52. g5 hxg5 53. Bxg5 Ke6 54. Ke4 1-0

[Event "Magdeburg Roechling Jubilee 2nd"]
[Site "Magdeburg"]
[Date "2018.02.26"]
[Round "3"]
[White "Neumann, Joachim"]
[Black "Schulz, Michael"]
[Result "1/2-1/2"]
[WhiteElo "2060"]
[BlackElo "2197"]
[PlyCount "89"]
[EventDate "2018.02.24"]
[EventType "swiss"]
[EventRounds "9"]
[EventCountry "GER"]
[SourceTitle "EXT 2019"]
[Source "ChessBase"]
[SourceDate "2018.10.10"]
[SourceVersion "1"]
[SourceVersionDate "2018.10.10"]
[SourceQuality "1"]

1. c4 g6 2. Nc3 Bg7 3. g3 e5 4. Bg2 d6 5. d3 f5 6. e4 Nf6 7. Nge2 0-0 8. 0-0 f4 9. gxf4 Nh5 10. f5 Nc6 11. Nd5 gxf5 12. Ng3 Nf4 13. Bxf4 exf4 14. Nxf5 Bxf5 15. exf5 Qh4 16. Qf3 Rxf5 17. Qh3 Qxh3 18. Bxh3 Rh5 19. Nxf4 Rh4 20. Be6+ Kh8 21. Ng2 Rh6 22. Bd5 Nd4 23. Rae1 c6 24. Be4 Ne6 25. b3 Rf8 26. f4 Bc3 27. Rc1 Bd2 28. Rc2 Bxf4 29. Nxf4 Nxf4 30. Kh1 Rhf6 31. Rcf2 d5 32. cxd5 cxd5 33. Bg2 b6 34. d4 Kg7 35. Rc2 R8f7 36. Rc8 Rg6 37. Rc2 Nxg2 38. Rxf7+ Kxf7 39. Rxg2 Ke6 40. Rxg6+ hxg6 41. Kg2 Kf5 42. Kf3 g5 43. h3 a5 44. a4 Kf6 45. Kg3 1/2-1/2

[Event "GER-chT Seniors 26th"]
[Site "Templin"]
[Date "2017.09.28"]
[Round "4.16"]
[White "Boehm, Erwin"]
[Black "Neumann, Joachim"]
[Result "1/2-1/2"]
[WhiteElo "2154"]
[BlackElo "2093"]
[PlyCount "100"]
[EventDate "2017.09.25"]
[EventType "team-swiss"]
[EventRounds "7"]
[EventCountry "GER"]
[SourceTitle "EXT 2019"]
[Source "ChessBase"]
[SourceDate "2018.10.10"]
[SourceVersion "1"]
[SourceVersionDate "2018.10.10"]
[SourceQuality "1"]
[WhiteTeam "Sachsen"]
[BlackTeam "Schleswig Holstein"]
[WhiteTeamCountry "GER"]
[BlackTeamCountry "GER"]

1. g3 d5 2. Bg2 Nf6 3. Nf3 c6 4. d3 Bf5 5. 0-0 h6 6. b3 Nbd7 7. Bb2 e6 8. Nbd2 Bd6 9. e4 Bg4 10. h3 Bxf3 11. Nxf3 Qc7 12. Qe2 dxe4 13. dxe4 Bc5 14. c4 e5 15. a3 a5 16. b4 Be7 17. Bc3 axb4 18. axb4 Rxa1 19. Rxa1 0-0 20. c5 b6 21. cxb6 Qxb6 22. Qc4 Qb5 23. Qxb5 cxb5 24. Nxe5 Nxe5 25. Bxe5 Bxb4 26. Rb1 Bd2 27. Rxb5 Re8 28. Kf1 Rc8 29. Bb2 Bc3 30. Bxc3 Rxc3 31. e5 Nd7 32. Rd5 Nf8 33. Rd8 g6 34. Bd5 Kg7 35. Ke2 Rc7 36. Kd3 Ra7 37. Ra8 Rd7 38. Ke4 Re7 39. f4 f6 40. Kd4 fxe5+ 41. fxe5 Nd7 42. e6 Nb6 43. Rb8 Nxd5 44. Kxd5 Kf6 45. Rh8 Kg7 46. Kd6 Rxe6+ 47. Kxe6 Kxh8 48. Kf7 Kh7 49. g4 g5 50. Kf6 h5 1/2-1/2

[Event "Schleswig Holstein-ch Seniors op 11th"]
[Site "Buesum"]
[Date "2017.09.12"]
[Round "5"]
[White "Schwertel, Johann"]
[Black "Neumann, Joachim"]
[Result "1/2-1/2"]
[WhiteElo "1930"]
[BlackElo "2093"]
[PlyCount "70"]
[EventDate "2017.09.08"]
[EventType "swiss"]
[EventRounds "9"]
[EventCountry "GER"]
[SourceTitle "EXT 2019"]
[Source "ChessBase"]
[SourceDate "2018.10.10"]
[SourceVersion "1"]
[SourceVersionDate "2018.10.10"]
[SourceQuality "1"]

1. d4 Nf6 2. Nf3 b6 3. g3 Bb7 4. Bg2 e6 5. 0-0 Be7 6. c3 0-0 7. Nbd2 d6 8. Ne1 Bxg2 9. Nxg2 c5 10. e3 Nbd7 11. b3 d5 12. Bb2 a5 13. c4 cxd4 14. exd4 Bb4 15. Ne3 a4 16. Qc2 axb3 17. axb3 Qe7 18. Rxa8 Rxa8 19. Ra1 Qd8 20. Bc3 Rxa1+ 21. Bxa1 Bxd2 22. Qxd2 dxc4 23. bxc4 Qa8 24. Qd1 h6 25. d5 exd5 26. Bxf6 Nxf6 27. cxd5 Qd8 28. Qd4 Qd6 29. Nf5 Qc5 30. Qe5 Kh7 31. Ne3 b5 32. Qf5+ Kg8 33. Qd3 b4 34. d6 Nd7 35. Nc4 Qc6 1/2-1/2

[Event "Schleswig Holstein-ch Senioren"]
[Site "Ratzeburg"]
[Date "2017.04.10"]
[Round "3.3"]
[White "Neumann, Joachim"]
[Black "Erich, Juergen"]
[Result "1/2-1/2"]
[WhiteElo "2062"]
[BlackElo "1892"]
[PlyCount "84"]
[EventDate "2017.04.08"]
[EventType "swiss"]
[EventRounds "9"]
[EventCountry "GER"]
[SourceTitle "EXT 2022"]
[Source "ChessBase"]
[SourceDate "2021.10.06"]
[SourceVersion "1"]
[SourceVersionDate "2021.10.06"]
[SourceQuality "1"]

1. c4 e6 2. g3 d5 3. Bg2 Nf6 4. Nf3 dxc4 5. 0-0 Bd7 6. Ne5 Bc6 7. Nxc6 Nxc6 8. Qa4 Qd7 9. Qxc4 Be7 10. Bxc6 bxc6 11. b3 0-0 12. Bb2 Qd5 13. Rc1 Qh5 14. f3 Bd6 15. Kg2 Qg5 16. Qh4 Qxh4 17. gxh4 Nd5 18. Rxc6 Nf4+ 19. Kf2 Nd5 20. Ba3 Rfd8 21. Bxd6 cxd6 22. Nc3 Nb4 23. Rc4 a5 24. a3 d5 25. Rg4 Na6 26. Rb1 d4 27. Na4 Rab8 28. Rgg1 g6 29. Rgc1 Rdc8 30. Rxc8+ Rxc8 31. d3 Rb8 32. Kg3 e5 33. f4 f6 34. Kf3 Kf7 35. fxe5 fxe5 36. b4 axb4 37. axb4 Rxb4 38. Rxb4 Nxb4 39. Ke4 Ke6 40. Nc5+ Kd6 41. Nb7+ Ke6 42. Nc5+ Kd6 1/2-1/2

[Event "Oberliga Nord N 1617"]
[Site "Germany"]
[Date "2017.03.19"]
[Round "7.5"]
[White "Neumann, Joachim"]
[Black "Groetzbach, Julian"]
[Result "0-1"]
[WhiteElo "2069"]
[BlackElo "2232"]
[PlyCount "62"]
[EventDate "2016.10.16"]
[EventType "team-tourn"]
[EventRounds "9"]
[EventCountry "GER"]
[SourceTitle "EXT 2018"]
[Source "ChessBase"]
[SourceDate "2017.10.13"]
[SourceVersion "1"]
[SourceVersionDate "2017.10.13"]
[SourceQuality "1"]
[WhiteTeam "Neumuenster Agon"]
[BlackTeam "Hamburger SK"]
[WhiteTeamCountry "GER"]
[BlackTeamCountry "GER"]

1. c4 c6 2. Nf3 d5 3. g3 Bf5 4. Bg2 e6 5. 0-0 h6 6. b3 Nf6 7. Bb2 Be7 8. d3 0-0 9. Nbd2 Bh7 10. a3 a5 11. Bc3 c5 12. cxd5 exd5 13. d4 b6 14. Qc1 Nc6 15. Ra2 Rc8 16. Qa1 Ne4 17. Nxe4 dxe4 18. Ne5 Nxd4 19. b4 axb4 20. axb4 Qd5 21. Ng4 Ra8 22. Rxa8 Rxa8 23. Qd1 Qc4 24. Bxd4 cxd4 25. b5 Bc5 26. Qb1 Qe6 27. h3 h5 28. Nh2 Ra2 29. Qd1 Qc4 30. e3 Bg6 31. exd4 Qxd4 0-1